| 000 | 00644cam a22002291 4500 | ||
|---|---|---|---|
| 001 | ca 34000037 | ||
| 003 | DLC | ||
| 005 | 20260227111130.0 | ||
| 008 | 800421s1934 mau 000 0 eng | ||
| 010 | _aca 34000037 | ||
| 035 | _a(OCoLC)6228481 | ||
| 040 |
_aDLC _cRPB _dDLC |
||
| 042 | _apremarc | ||
| 050 | 0 | 0 |
_aPS3539.O14 _bR4 1934 |
| 082 | _a812.5 | ||
| 100 | 1 |
_aTobias, Jay, _d1896- |
|
| 245 | 1 | 2 |
_aA ready-made family; _ba farce in three acts, _cby Jay Tobias. |
| 260 |
_aBoston, _bWalter H. Baker Company, _c[c1934] |
||
| 300 |
_a67 p. _c19 cm. |
||
| 490 | 0 | _aBaker's edition of plays | |
| 500 | _aOn cover: Baker's all star series. | ||
| 999 |
_c17191 _d17191 |
||